| 000 | 00000nam##2200000za#4500 |
| 001 | 9.662578 |
| 003 | CaOODSP |
| 005 | 20210615120629 |
| 007 | ta |
| 008 | 150407|2001||||xxc||||| f|0| 0 fre|d |
| 020 | |a0-662-65542-7 |
| 040 | |aCaOODSP|bfre |
| 041 | |aeng |
| 041 | |afre |
| 043 | |an-cn--- |
| 086 | 1 |aSW21-77/2001 |
| 110 | 1 |aCanada. |bCondition féminine Canada. |
| 245 | 10|aL'autonomie et la sécurité économiques des femmes : |bun cadre stratégique fédéral, provincial et territorial / |cPublié par les Ministres fédéral, provinciaux et territoriaux responsables de la Condition féminine. |
| 260 | |aOttawa - Ontario : |bCondition féminine Canada |c2001. |
| 300 | |aTexte français, vi, 32p. ; |c28 cm. |
| 500 | |aDonnées de catalogage avant publication (Canada) imprimées dans cette publication. «Ce cadre stratégique présente les principaux facteurs qui ont une incidence sur l'autonomie et la sécurité économique des femmes à partir des récentes tendances socio-économiques observées au Canada. De plus, il établit le programme du Forum pour les prochaines années dans la perspective de l'égalité économique pour toutes les femmes.»--Page iii. |
| 546 | |aBilingue |
| 563 | |aCouverture souple |
| 590 | |a01-12|b2001-03-23 |
| 691 | 07|aCondition de la femme|2gcpds |
| 691 | 07|aTravail non rémunéré|2gcpds |
| 691 | 07|aConditions économiques|2gcpds |
| 691 | 07|aConditions sociales|2gcpds |
| 691 | 07|aEmploi|2gcpds |
| 776 | 0#|tL'autonomie et la sécurité économiques des femmes : |w(CaOODSP)9.632941 |
| 776 | 0#|tWomen's economic independence and security : |w(CaOODSP)9.688515 |
| 791 | |tWomen's economic independence and security : |eeng|w(CaOODSP)9.662577 |